Business statistics : (Record no. 3098)
[ view plain ]
| 000 -LEADER | |
|---|---|
| fixed length control field | 00755nam a22002292 4500 |
| 001 - CONTROL NUMBER | |
| control field | 0000006298 |
| 005 - DATE AND TIME OF LATEST TRANSACTION | |
| control field | 20151217145831.0 |
| 008 - FIXED-LENGTH DATA ELEMENTS--GENERAL INFORMATION | |
| fixed length control field | 071015s xx 000 0 eng d |
| 020 ## - INTERNATIONAL STANDARD BOOK NUMBER | |
| International Standard Book Number | 8129704102 : |
| Terms of availability | KES3360 |
| 040 ## - CATALOGING SOURCE | |
| Original cataloging agency | KABU |
| Transcribing agency | KABU |
| 100 1# - MAIN ENTRY--PERSONAL NAME | |
| Personal name | Levine, David M. |
| -- | 0000150536 |
| 245 10 - TITLE STATEMENT | |
| Title | Business statistics : |
| Remainder of title | a first course / |
| Statement of responsibility, etc. | David M. Levine, Timothy C. Krehbiel, Mark L. Berenson. |
| 250 ## - EDITION STATEMENT | |
| Edition statement | 3rd ed. |
| 260 ## - PUBLICATION, DISTRIBUTION, ETC. (IMPRINT) | |
| Place of publication, distribution, etc. | Delhi : |
| Name of publisher, distributor, etc. | Pearson Education ( Singapore), |
| Date of publication, distribution, etc. | 2003. |
| 300 ## - PHYSICAL DESCRIPTION | |
| Extent | xx, 731 p. + |
| Accompanying material | 1 cd-rom. |
| 650 #0 - SUBJECT ADDED ENTRY--TOPICAL TERM | |
| Topical term or geographic name as entry element | Business statistics. |
| -- | 0000157715 |
| 700 1# - ADDED ENTRY--PERSONAL NAME | |
| Personal name | Krehbiel, Timothy C. |
| -- | 0000157716 |
| 700 1# - ADDED ENTRY--PERSONAL NAME | |
| Personal name | Berenson, Mark L. |
| -- | 0000150540 |
| 908 ## - PUT COMMAND PARAMETER (RLIN) | |
| Put command parameter | 071015 |
| 950 ## - LOCAL HOLDINGS (RLIN) | |
| -- | 1 |
| Withdrawn status | Lost status | Source of classification or shelving scheme | Not for loan | Home library | Current library | Date acquired | Total Checkouts | Full call number | Barcode | Date last seen | Date last checked out | Price effective from | Koha item type |
|---|---|---|---|---|---|---|---|---|---|---|---|---|---|
| Library of Congress Classification | Kabarak, Main Campus | Kabarak, Main Campus | 17/12/2015 | 3 | HF1017 .L48 2003 c.1 | 009797 | 02/08/2024 | 02/08/2017 | 17/12/2015 | General Collection |